Cestovný ruch v trajektórii času vedecký zborník recenzovaných štúdií

Guardado en:
Detalles Bibliográficos
Otros Autores: Pellešová, Pavlína, Drotarova, Maria Hadjielia
Formato: Libro
Lenguaje:eslovaco
inglés
Publicado: Prešov Vydavateľstvo Prešovskej univerzity v Prešove 2024
Edición:1. vydanie
Materias:
Etiquetas: Agregar Etiqueta
Sin Etiquetas, Sea el primero en etiquetar este registro!

MARC

LEADER 00000nlm a2200000 4500
001 0305532
005 20241210084600.9
020 |a 978-80-555-3399-5 
041 0 |a slo 
041 0 |a eng 
044 |a SK 
245 1 0 |a Cestovný ruch v trajektórii času  |b vedecký zborník recenzovaných štúdií  |c recenzenti: Pavlína Pellešová, Maria Hadjielia Drotarova 
250 |a 1. vydanie 
264 1 |a Prešov  |b Vydavateľstvo Prešovskej univerzity v Prešove  |c 2024 
300 |a 200 s. 
610 2 0 |a ruch cestovný 
610 2 0 |a turistika 
610 2 0 |a hotelierstvo 
610 2 0 |a kúpeľníctvo 
610 2 0 |a ekonómia 
610 2 0 |a manažment 
700 1 |a Pellešová, Pavlína 
700 1 |a Drotarova, Maria Hadjielia